LEADER 00870cam0-2200301---450- 001 990005734240403321 005 20150507111118.0 035 $a000573424 035 $aFED01000573424 035 $a(Aleph)000573424FED01 035 $a000573424 100 $a19990604d1953----km-y0itay50------ba 101 0 $aita 102 $aIT 105 $aaf------00-yy 200 1 $aStoria della letteratura portoghese$fdi Giuseppe Carlo Rossi 210 $aFirenze$cSansoni$d1953 215 $aXI, 353 p., 40 tav.$cill.$d23 cm 610 0 $aLetteratura portoghese$aStoria 676 $a869.09$v23$zita 700 1$aRossi,$bGiuseppe Carlo$03795 801 0$aIT$bUNINA$gRICA$2UNIMARC 901 $aBK 912 $a990005734240403321 952 $a869.09 ROS 1$bIst.glott. s.i.$fFLFBC 959 $aFLFBC 996 $aStoria della letteratura portoghese$9572321 997 $aUNINA LEADER 00897nam0-22003131i-450- 001 990005686980403321 005 20060418102739.0 010 $a3-8053-0628-8 035 $a000568698 035 $aFED01000568698 035 $a(Aleph)000568698FED01 035 $a000568698 100 $a19990604d1983----km-y0itay50------ba 101 0 $aeng 105 $ayf------00--- 200 1 $aProvincial middle minoan pottery$fGisela Walberg 210 $aMainz am Rhein$cPhilipp von Zabern$dc1983 215 $aIX, 232 p., 55 tav.$d31 cm 610 0 $aCeramica$aGrecia antica 676 $a738.30938$v21$zita 676 $a930.1$v21$zita 700 1$aWalberg,$bGisela$0218464 801 0$aIT$bUNINA$gRICA$2UNIMARC 901 $aBK 912 $a990005686980403321 952 $a930.1 WAL 1$bBIBL. 58431$fFLFBC 959 $aFLFBC 996 $aProvincial middle Minoan pottery$9288894 997 $aUNINA